| Tag |
First Indicator |
Second Indicator |
Subfields |
| LEADER |
00000cam a2200000 a 4500 |
| 001 |
in00000103469 |
| 005 |
20150929180427.0 |
| 008 |
820702s1981 nyu b 00100 eng |
| 010 |
|
|
|a 81081341
|
| 020 |
|
|
|a 084190717X (pbk.)
|
| 020 |
|
|
|a 0841907161
|
| 035 |
|
|
|a (OCoLC)08117939
|
| 035 |
|
|
|9 AAN2692AM
|
| 039 |
0 |
|
|a 2
|b 3
|c 3
|d 3
|e 3
|
| 040 |
|
|
|a DLC
|c DLC
|d TXA
|d UtOrBLW
|
| 043 |
|
|
|a e-uk---
|
| 049 |
|
|
|a TXAM
|c [1117226]
|
| 050 |
0 |
0 |
|a PR737
|b C58 1981
|
| 082 |
0 |
|
|a 822/.914/09
|2 19
|
| 245 |
0 |
0 |
|a Contemporary English drama /
|c associate editor, C.W.E. Bigsby.
|
| 264 |
|
1 |
|a New York :
|b Holmes & Meier Publishers,
|c 1981.
|
| 300 |
|
|
|a 192 pages ;
|c 22 cm.
|
| 336 |
|
|
|a text
|b txt
|2 rdacontent
|
| 337 |
|
|
|a unmediated
|b n
|2 rdamedia
|
| 338 |
|
|
|a volume
|b nc
|2 rdacarrier
|
| 490 |
1 |
|
|a Stratford-upon-Avon studies,
|v 19
|
| 504 |
|
|
|a Includes bibliographical references and index.
|
| 505 |
0 |
|
|a The language of crisis in British theatre / C.W.E. Bigsby -- Whatever happened to John Osborne? / Arnold P. Hinchliffe -- Articulacy and awareness : the modulation of familiar themes in Wesker's plays of the 70s / Glenda Leeming -- Harold Pinter's idiom of lies / Guido Almansi -- Joe Orton : the comedy of (ill) manners / Martin Esslin -- Tom Stoppard : light drama and dirges in marriage / Ruby Cohn -- Edward Bond's Dramatic strategies / Jenny S. Spencer -- The Court and its favours / Julian Hilton -- Three socialist playwrights: John McGrath, Caryl Churchill, Trevor Griffiths / Christian W. Thomsen -- Art and commerce : the new drama in the West End marketplace / John Russell Taylor.
|
| 650 |
|
0 |
|a English drama
|y 20th century
|x History and criticism.
|
| 700 |
1 |
|
|a Bigsby, C. W. E.
|
| 830 |
|
0 |
|a Stratford-upon-Avon studies ;
|v 19.
|
| 999 |
|
|
|a MARS
|
| 999 |
f |
f |
|s 0dd43a6c-7528-3bff-8b3e-80104a71a990
|i 7f3995e8-994e-393c-9041-2d905a89a47a
|t 0
|
| 952 |
f |
f |
|p normal
|a Texas A&M University
|b College Station
|c Sterling C. Evans Library
|d Evans: Library Stacks
|t 0
|e PR737 C58 1981
|h Library of Congress classification
|i unmediated -- volume
|m A14806276800
|
| 998 |
f |
f |
|a PR737 C58 1981
|t 0
|l Evans: Library Stacks
|